Pénzügyi szemle

Salvato in:
Dettagli Bibliografici
Natura: Periodico
Lingua:ungherese
Pubblicazione: Budapest Lap- és Könyvkiadó 1990
Soggetti:
Tags: Aggiungi Tag
Nessun Tag, puoi essere il primo ad aggiungerne!!

MARC

LEADER 00000nas2a2200000 4500
001 s006421
005 20240109090922.8
041 0 |a hun 
044 |a HU 
245 1 0 |a Pénzügyi szemle 
264 1 |a Budapest  |b Lap- és Könyvkiadó  |c 1990 
300 |a 2 zv. 
773 0 |w eu_un_cat*s121002 
610 2 0 |a peňažníctvo 
610 2 0 |a peniaze 
610 2 0 |a politika peňažná